Statistics for Countries bordering at least 2 countries without letter A

Click here to take the quiz!

General Stats

  • This quiz has been taken 40 times
  • The average score is 9 of 16

Answer Stats

#Country% Correct
3Burkina Faso
72%
2Nigeria
67%
3Germany
64%
2France
61%
2Serbia
61%
3Albania
58%
2Bulgaria
58%
2Democratic Republic of the Congo
58%
2Bolivia
56%
2North Macedonia
56%
2Algeria
50%
2Guatemala
50%
2Benin
47%
2Austria
42%
2Libya
36%
2Spain
22%

Score Distribution

Percentile by Number Answered

Percent of People with Each Score

Your Score History

You have not taken this quiz